<?xml version='1.0' encoding='UTF-8'?>
  <record xmlns="http://www.loc.gov/MARC21/slim">
    <leader>00000cam a22000007i 4500</leader>
    <controlfield tag="001">ocm65977163</controlfield>
    <controlfield tag="003">OCoLC</controlfield>
    <controlfield tag="005">20250225063122.8</controlfield>
    <controlfield tag="008">920709s1557    fr            000 0 ger d</controlfield>
    <datafield tag="040" ind1=" " ind2=" ">
      <subfield code="a">NLGGC</subfield>
      <subfield code="b">eng</subfield>
      <subfield code="e">rda</subfield>
      <subfield code="e">dcrmb</subfield>
      <subfield code="c">NLGGC</subfield>
      <subfield code="d">QGJ</subfield>
      <subfield code="d">OCLCF</subfield>
      <subfield code="d">OCLCO</subfield>
      <subfield code="d">OCLCL</subfield>
      <subfield code="d">QGJ</subfield>
    </datafield>
    <datafield tag="029" ind1="0" ind2=" ">
      <subfield code="a">NLGGC</subfield>
      <subfield code="b">09610533X</subfield>
    </datafield>
    <datafield tag="035" ind1=" " ind2=" ">
      <subfield code="a">(OCoLC)65977163</subfield>
    </datafield>
    <datafield tag="100" ind1="1" ind2=" ">
      <subfield code="a">Zell, Katharina,</subfield>
      <subfield code="d">1497 or 1498-1562.</subfield>
      <subfield code="1">https://id.oclc.org/worldcat/entity/E39PBJckJYKKqPRbKmXRGmwQv3</subfield>
    </datafield>
    <datafield tag="245" ind1="1" ind2="4">
      <subfield code="a">Ein Brieff an die gantze Burgerschafft der Statt Straszburg, von Katherina Zellin, dessen jetz säligen Matthei Zellen, dess alten und ersten Predigers des Evangelij diser Statt, nachgelassne Ehefraw, Betreffend Herr Ludwigen Rabus, jetz ein Prediger der Statt Ulm, sampt zweyen brieffen jr und sein, ... Dabey auch ein sanffte antwort, auff jeden Artickel, seines brieffs.</subfield>
    </datafield>
    <datafield tag="246" ind1="3" ind2=" ">
      <subfield code="a">Brieff an die gantze Burgerschafft der Statt Straszburg, von Katherina Zellin, dessen jetz säligen Matthei Zellen, dess alten vnd ersten Predigers des Euangelij diser Statt, nachgelassne Ehefraw, Betreffend Herr Ludwigen Rabus, jetz ein Prediger der Statt Vlm, sampt zweyen brieffen jr vnd sein, ... Dabey auch ein sanffte antwort, auff jeden Artickel, seines brieffs</subfield>
    </datafield>
    <datafield tag="264" ind1=" " ind2="1">
      <subfield code="a">[Strasbourg] :</subfield>
      <subfield code="b">[publisher not identified],</subfield>
      <subfield code="c">1557.</subfield>
    </datafield>
    <datafield tag="300" ind1=" " ind2=" ">
      <subfield code="a">[106] pages ;</subfield>
      <subfield code="c">20 cm (4to)</subfield>
    </datafield>
    <datafield tag="336" ind1=" " ind2=" ">
      <subfield code="a">text</subfield>
      <subfield code="b">txt</subfield>
      <subfield code="2">rdacontent</subfield>
    </datafield>
    <datafield tag="337" ind1=" " ind2=" ">
      <subfield code="a">unmediated</subfield>
      <subfield code="b">n</subfield>
      <subfield code="2">rdamedia</subfield>
    </datafield>
    <datafield tag="338" ind1=" " ind2=" ">
      <subfield code="a">volume</subfield>
      <subfield code="b">nc</subfield>
      <subfield code="2">rdacarrier</subfield>
    </datafield>
    <datafield tag="340" ind1=" " ind2=" ">
      <subfield code="m">4to</subfield>
      <subfield code="2">rdabf</subfield>
    </datafield>
    <datafield tag="500" ind1=" " ind2=" ">
      <subfield code="a">Place of publication from VD 16.</subfield>
    </datafield>
    <datafield tag="500" ind1=" " ind2=" ">
      <subfield code="a">Signatures: A-M⁴ N⁶ (6N is blank)</subfield>
    </datafield>
    <datafield tag="500" ind1=" " ind2=" ">
      <subfield code="a">Colophon: Getruckt vnd vollendet den 30. Decembr. Anno 1557.</subfield>
    </datafield>
    <datafield tag="510" ind1="4" ind2=" ">
      <subfield code="a">Verzeichnis der im deutschen Sprachbereich erschienenen Drucke des 16. Jahrhunderts (VD 16),</subfield>
      <subfield code="c">Z 342</subfield>
      <subfield code="u">https://gateway-bayern.de/VD16+Z+342</subfield>
    </datafield>
    <datafield tag="600" ind1="1" ind2="0">
      <subfield code="a">Rabus, Ludwig,</subfield>
      <subfield code="d">1524-1592.</subfield>
    </datafield>
    <datafield tag="600" ind1="1" ind2="7">
      <subfield code="a">Rabus, Ludwig,</subfield>
      <subfield code="d">1524-1592</subfield>
      <subfield code="2">fast</subfield>
      <subfield code="1">https://id.oclc.org/worldcat/entity/E39PBJhMk7KtXJmqF7HYbb9v73</subfield>
    </datafield>
    <datafield tag="700" ind1="1" ind2=" ">
      <subfield code="a">Rabus, Ludwig,</subfield>
      <subfield code="d">1524-1592.</subfield>
      <subfield code="1">https://id.oclc.org/worldcat/entity/E39PBJhMk7KtXJmqF7HYbb9v73</subfield>
    </datafield>
    <datafield tag="752" ind1=" " ind2=" ">
      <subfield code="a">France</subfield>
      <subfield code="d">Strasbourg,</subfield>
      <subfield code="e">publication place.</subfield>
      <subfield code="4">pup</subfield>
    </datafield>
    <datafield tag="758" ind1=" " ind2=" ">
      <subfield code="i">has work:</subfield>
      <subfield code="a">Ein Brieff an die gantze Burgerschafft der Statt Straszburg, von Katherina Zellin, dessen jetz säligen Matthei Zellen, deß alten und ersten Predigers des Evangelij diser Statt, nachgelassne Ehefraw, Betreffend Herr Ludwigen Rabus, jetz ein Prediger der Statt Ulm, sampt zweyen brieffen jr und sein, ... Dabey auch ein sanffte antwort, auff jeden Artickel, seines brieffs (Text)</subfield>
      <subfield code="1">https://id.oclc.org/worldcat/entity/E39PCFym4TFtbK4PgFwyh4HBRq</subfield>
      <subfield code="4">https://id.oclc.org/worldcat/ontology/hasWork</subfield>
    </datafield>
  </record>